000 01032nam a2200325 a 4500
001 vtls001438689
003 NLI
005 20210627122020.0
008 121130s1991 ii 000 0 eng
020 _a8170520819 (pbk.)
_cRs. 20.00
039 9 _a201308161516
_bsantanuc
_c201308161514
_dsantanuc
_y201211301643
_zVLOAD
040 _aNLI
_beng
_cDatasoft_GENG
_eAACR2
041 0 _aeng
044 _aii
082 0 4 _a181.45
100 0 _aChidananda,
_cSwami,
_d1916-
_9758001
245 1 0 _aLectures on Raja yoga /
_cChidananda
260 _aTehri -Garhwal :
_bDivine Society,
_c1991
300 _a160 p. ;
_c18 cm.
650 0 _aYoga
_9676732
650 0 _aPhilosophy, Indic
650 0 _aPhilosophy, Hindu
887 _a
901 _aDB60507 (cop.4)
_b31.10.1991
902 _aE 181.45 C 434
904 _l2153
949 _AVIRTUAITEM
_D10000
_F4
_X100
_6DBA000060507ENG
942 _2ddc
_cBKS
999 _aVIRTUA40
_c891744
_d891744
999 _aVTLSSORT0080*0200*0400*0410*0440*0820*1000*2450*2600*3000*6500*6501*6502*9010*9020*9040*9490*9992